Normal view
MARC view
- Simios
Entry Materia
001 - NÚMERO DE CONTROL DEL REGISTRO
- campo de control: 17603
003 - IDENTIFICADOR DE NUMERO DE CONTROL
- campo de control: MX-MxUPN
005 - FECHA Y HORA DE LA ÚLTIMA TRANSACCIÓN
- campo de control: 20240314152149.0
008 - DATOS DE LONGITUD FIJA
- campo de control de longitud fija: 240314 n fnnnnbabb n ana |d
035 ## - NÚMERO DE CONTROL DEL SISTEMA
- Número de control del sistema: UPN10000017611
040 ## - FUENTE DE LA CATALOGACIÓN
- Lengua de catalogación: spa
- Centro catalogador de origen: MX-MxUPN
150 ## - ENCABEZAMIENTO - TEMÁTICO
- Término de materia o nombre geográfico como elemento inicial: Simios
- Subdivisión de forma: Literatura infantil
670 ## - FUENTE EN LA QUE SE LOCALIZARON DATOS
- Cita de la fuente: Autoridades LIBRUNAM, 14 marzo 2024 :
- Información localizada: (Simios)
670 ## - FUENTE EN LA QUE SE LOCALIZARON DATOS
- Cita de la fuente: Autoridades BGTQ, 14 marzo 2024 :
- Enlace: subdivisión de forma (Literatura infantil)
902 ## - CATALOGADOR
- Catalogador: CAA/070311
- Catalogador: VíctorGodínez/140324
